| 000 | 00914nam a2200229 a 4500 | ||
|---|---|---|---|
| 001 | 48069 | ||
| 003 | BD-RjUL | ||
| 005 | 20211209054443.0 | ||
| 008 | 160420s2001 bg ||||| |||| 00| 0 ben d | ||
| 020 | _c: Tk 80.00 | ||
| 035 | _a(BD-RjUL) | ||
| 040 |
_aBD-RjUL _bben _cBD-RjUL |
||
| 041 | _aben | ||
| 082 |
_223 _a891.4409 _bTIM 2001 |
||
| 100 | 1 |
_aতেওয়ারী, রামবহাল _9145700 |
|
| 245 | 1 | 0 |
_aমুনশি প্রেমচন্দ : _cরামবহাল তেওয়ারী _bগল্প-উপন্যাস ও গোদান / |
| 260 |
_aকলিকাতা : _bসাহিত্যলোক, _c২০০১ |
||
| 300 |
_a১৫৫ পৃ ; _c২১ সেমি. |
||
| 650 |
_aবাংলা সাহিত্য _9118114 _xইতিহাস ও সমালোচনা |
||
| 650 |
_aBangla Literature _9145604 _xHistory and Criticism |
||
| 942 |
_2ddc _cBK |
||
| 999 |
_c48069 _d48069 |
||